000 00500nam a22002177a 4500
003 UA-OsUOA
001 41345
007 ta
008 20060920b un ||||| |||| 00| 0 ukr d
100 _aOleh Martovych
090 _a32(477)
942 _cBK
040 _aUA-OsUOA
_beng
_cUA-OsUOA
_dUA-OsUOA
245 _aUkrainian Liberation movement in modern times
300 _a176 с.
955 _a1
041 _aeng
080 _a32(477)
650 7 _a32 Політика
_2UDC
999 _c327488
_d327488